| 000 | 00850nac a22002291u 4500 | ||
|---|---|---|---|
| 010 | _a 2005056382 | ||
| 020 | _a0132186942 | ||
| 035 | _a(OCoLC)ocm62282609 | ||
| 082 | 0 | 0 |
_a658.8342 _bSOL |
| 090 |
_c8852 _d8852 |
||
| 100 | _aSolomon, Michael R. | ||
| 245 | 1 | 0 |
_aConsumer behavior : _bbuying, having, and being / _cMichael R. Solomon. |
| 250 | _a7th ed. | ||
| 260 |
_aUpper Saddle River, N.J. : _bPearson Prentice Hall,2007 _cc2007. |
||
| 300 |
_axviii, 654 p. : _bill. (chiefly col.) ; _c29 cm. |
||
| 500 | _aDistributer: Baccah | ||
| 504 | _aIncludes bibliographical references and indexes. | ||
| 511 | _aCatalogued By: Mahitab. | ||
| 650 | 0 | _aConsumer behavior. | |
| 942 |
_cTB _k658.8342SOL |
||
| 999 |
_c8852 _d8852 |
||